KOHA-Header-6

Theories of Personality (Record no. 12552)

000 -LEADER
fixed length control field 00229nam a22001097a 4500
020 ## - INTERNATIONAL STANDARD BOOK NUMBER
ISBN 9788131520772
082 ## - DEWEY DECIMAL CLASSIFICATION NUMBER
Classification number 155.2
100 ## - MAIN ENTRY--AUTHOR NAME
Personal name Schultz, Duane P.
245 ## - TITLE STATEMENT
Title Theories of Personality
250 ## - EDITION STATEMENT
Edition statement 10th edition
942 ## - ADDED ENTRY ELEMENTS (KOHA)
Koha item type Books
Holdings
Withdrawn status Lost status Collection code Permanent Location Current Location Shelving location Date acquired Full call number Accession Number Koha item type
    Psychology MAJU MAJU Shelf No.B35 2020-09-23 155.2 9679 Psychology

Powered by Koha